Konsolidovaná účtovná závierka komentár k Opatreniu Ministerstva financií Slovenskej republiky, ktorým sa ustanovuje zostavenie konsolidovanej účtovnej závierky, č.65/393/1993 z 22. decembra 1993

Gespeichert in:
Bibliographische Detailangaben
1. Verfasser: Farkaš, Richard
Format: Buch
Sprache:Slowakisch
Veröffentlicht: Bratislava Elita 1994
Ausgabe:1. vyd.
Schlagworte:
Tags: Tag hinzufügen
Keine Tags, Fügen Sie das erste Tag hinzu!

MARC

LEADER 00000nam a2200000 4500
001 c005676
005 20221128073220.7
020 |a 80-85323-62-1 
041 0 |a slo 
044 |a SK 
245 1 0 |a Konsolidovaná účtovná závierka  |b komentár k Opatreniu Ministerstva financií Slovenskej republiky, ktorým sa ustanovuje zostavenie konsolidovanej účtovnej závierky, č.65/393/1993 z 22. decembra 1993  |c Richard Farkaš 
250 |a 1. vyd. 
264 1 |a Bratislava  |b Elita  |c 1994 
300 |a 219 s. 
610 2 0 |a účtovníctvo 
610 2 0 |a závierka účtovná konsolidovaná 
610 2 0 |a komentáre 
610 2 0 |a koncepcie 
610 2 0 |a bilancie 
610 2 0 |a kapitál 
610 2 0 |a záväzky 
610 2 0 |a výsledok hospodársky 
610 2 0 |a náklady 
610 2 0 |a výnosy 
610 2 0 |a dane 
610 2 0 |a súvaha 
610 2 0 |a výkazy účtovné 
610 2 0 |a diagramy vývojové 
610 2 0 |a smernice 
610 2 0 |a predpisy 
100 1 |a Farkaš, Richard